Statistics for Denver Nuggets NBA All-Stars

Click here to take the quiz!

General Stats

  • This quiz has been taken 125 times
    (82 since last reset)
  • The average score is 8 of 14

Answer Stats

Players Selections Last % Correct
Carmelo Anthony42011
97%
Alex English81989
89%
Nikola Jokic22020
88%
Allen Iverson22008
84%
Dikembe Mutombo31996
78%
David Thompson31979
64%
Chauncey Billups22010
56%
Dan Issel11977
56%
Fat Lever21990
50%
Kiki Vandeweghe21984
41%
Antonio McDyess12001
27%
Bobby Jones21978
25%
George McGinnis11979
14%
Calvin Natt11985
8%

Score Distribution

Percentile by Number Answered

Percent of People with Each Score

Your Score History

You have not taken this quiz since the last reset